[Event "Tashkent zt 3.4"]
[Site "Tashkent"]
[Date "2017.06.24"]
[Round "9"]
[White "Abdusattorov, Nodirbek"]
[Black "Esenov, Annaberdi"]
[Result "1-0"]
[WhiteElo "2462"]
[BlackElo "2325"]
[PlyCount "140"]
[EventDate "2017.06.16"]
[EventType "swiss"]
[EventRounds "9"]
[EventCountry "UZB"]
[SourceTitle "CBM 179 Extra"]
[Source "ChessBase"]
[SourceDate "2017.08.23"]
[SourceVersion "1"]
[SourceVersionDate "2017.08.23"]
[SourceQuality "1"]

1. e4 c5 2. Nf3 d6 3. Bb5+ Nd7 4. 0-0 a6 5. Bd3 g6 6. c3 Bg7 7. Bc2 Ne5 8. Nxe5 dxe5 9. d3 e6 10. a4 Ne7 11. Be3 Qc7 12. Nd2 a5 13. Nc4 0-0 14. Na3 b6 15. Bb3 Bb7 16. Bc4 Kh8 17. Rc1 Nc6 18. Nb5 Qe7 19. Rb1 Rad8 20. Qb3 Ba8 21. f3 h6 22. Rfd1 Kh7 23. Na3 Qb7 24. Bb5 Ne7 25. Qc2 Rc8 26. Nc4 Rfd8 27. b4 Qa7 28. bxa5 bxa5 29. Na3 g5 30. Bc4 Ng6 31. Rb5 Bf8 32. Rdb1 Bc6 33. Rb6 Qd7 34. Qa2 Ra8 35. g3 Be7 36. Qf2 Rdc8 37. Ra1 Qd8 38. Rb2 Bxa4 39. Nb5 Bxb5 40. Rxb5 Qc7 41. Qb2 a4 42. Qc2 Qa7 43. Rb2 a3 44. Rba2 Rcb8 45. Bc1 Qb6 46. Rxa3 Rxa3 47. Bxa3 Kg7 48. Bc1 h5 49. Kg2 h4 50. Qf2 hxg3 51. hxg3 Rh8 52. Be3 Nf4+ 53. gxf4 gxf4 54. Bd2 Bh4 55. Qe2 Qb2 56. Rh1 Kf6 57. Qd1 Ke7 58. Kf1 Kf6 59. Qc1 Qb8 60. Ke2 Bg3 61. Rxh8 Qxh8 62. Qg1 Qh3 63. Be1 Qh4 64. Bd2 Qh8 65. d4 cxd4 66. cxd4 Qc8 67. Kd3 exd4 68. Qxd4+ Kg6 69. Bc3 Qb7 70. Kc2 Qc6 1-0

[Event "Tashkent zt 3.4"]
[Site "Tashkent"]
[Date "2017.06.22"]
[Round "7"]
[White "Esenov, Annaberdi"]
[Black "Kakabayaev, Mergen"]
[Result "1-0"]
[WhiteElo "2325"]
[BlackElo "2348"]
[PlyCount "79"]
[EventDate "2017.06.16"]
[EventType "swiss"]
[EventRounds "9"]
[EventCountry "UZB"]
[SourceTitle "CBM 179 Extra"]
[Source "ChessBase"]
[SourceDate "2017.08.23"]
[SourceVersion "1"]
[SourceVersionDate "2017.08.23"]
[SourceQuality "1"]

1. e4 e5 2. Nf3 Nc6 3. Bb5 a6 4. Ba4 Nf6 5. 0-0 Be7 6. Re1 b5 7. Bb3 d6 8. c3 0-0 9. h3 Na5 10. Bc2 c5 11. d4 Qc7 12. Nbd2 cxd4 13. cxd4 Nc6 14. d5 Nb4 15. Bb1 a5 16. a3 Na6 17. b4 Bd7 18. Qb3 Rfc8 19. Bb2 Bd8 20. Bd3 Qa7 21. g4 h5 22. g5 Nh7 23. g6 fxg6 24. Bxe5 a4 25. Qa2 dxe5 26. d6+ Kh8 27. Nxe5 Ng5 28. Nxg6+ Kh7 29. Nf8+ Kh6 30. Qg8 Nxh3+ 31. Kh1 Nxf2+ 32. Kg2 Bh3+ 33. Kh2 Bh4 34. Qh7+ Kg5 35. Nf3+ Kf4 36. Ng6+ Kxf3 37. Nxh4+ Kf4 38. Qxh5 Bg4 39. Ng2+ Kf3 40. Qf7+ 1-0

[Event "Tashkent zt 3.4"]
[Site "Tashkent"]
[Date "2017.06.21"]
[Round "6"]
[White "Vakhidov, Jahongir"]
[Black "Esenov, Annaberdi"]
[Result "1-0"]
[WhiteElo "2519"]
[BlackElo "2325"]
[PlyCount "103"]
[EventDate "2017.06.16"]
[EventType "swiss"]
[EventRounds "9"]
[EventCountry "UZB"]
[SourceTitle "CBM 179 Extra"]
[Source "ChessBase"]
[SourceDate "2017.08.23"]
[SourceVersion "1"]
[SourceVersionDate "2017.08.23"]
[SourceQuality "1"]

1. d4 Nf6 2. c4 g6 3. g3 Bg7 4. Bg2 0-0 5. Nc3 d6 6. Nf3 Nc6 7. 0-0 a6 8. d5 Na5 9. b3 c5 10. dxc6 bxc6 11. Bd2 c5 12. Ng5 Bb7 13. Nd5 Nc6 14. Bc3 e5 15. Nxf6+ Bxf6 16. Ne4 Be7 17. Bb2 Rb8 18. Qd2 Qc7 19. f4 f5 20. Nc3 Qa5 21. fxe5 dxe5 22. Qd7 e4 23. Bxe4 Bf6 24. Bxc6 Rf7 25. Bd5 Bxd5 26. Qxd5 Bxc3 27. Bxc3 Qxc3 28. Qxc5 Re8 29. Rae1 Rfe7 30. Qd5+ Kg7 31. Qd1 Qe3+ 32. Rf2 h5 33. Qc1 Qc5 34. Qd2 Re5 35. Rd1 Rxe2 36. Qd4+ Qxd4 37. Rxd4 Re1+ 38. Kg2 Rc1 39. Rd7+ Kf6 40. Rd6+ Re6 41. Rxe6+ Kxe6 42. Kf3 g5 43. Re2+ Kd6 44. Ke3 Kc5 45. Rf2 Re1+ 46. Kd3 Re5 47. Re2 Rxe2 48. Kxe2 Kd4 49. Kf3 a5 50. h4 gxh4 51. gxh4 Ke5 52. Ke3 1-0

[Event "Tashkent zt 3.4"]
[Site "Tashkent"]
[Date "2017.06.20"]
[Round "5"]
[White "Esenov, Annaberdi"]
[Black "Kostenko, Petr"]
[Result "1/2-1/2"]
[WhiteElo "2325"]
[BlackElo "2438"]
[PlyCount "124"]
[EventDate "2017.06.16"]
[EventType "swiss"]
[EventRounds "9"]
[EventCountry "UZB"]
[SourceTitle "CBM 179 Extra"]
[Source "ChessBase"]
[SourceDate "2017.08.23"]
[SourceVersion "1"]
[SourceVersionDate "2017.08.23"]
[SourceQuality "1"]

1. e4 e6 2. d4 d5 3. e5 c5 4. c3 Nc6 5. Nf3 Qb6 6. a3 Bd7 7. b4 cxd4 8. cxd4 Rc8 9. Bb2 Nge7 10. Nc3 Na5 11. Na4 Qc6 12. Nc5 Nc4 13. Bc3 b6 14. Nxd7 Qxd7 15. Bd3 b5 16. 0-0 a6 17. Qe2 h6 18. h4 Qb7 19. Rfc1 Nc6 20. Bd2 Be7 21. Bb1 Qb6 22. Qd3 Bxh4 23. Nxh4 Qxd4 24. Qxd4 Nxd4 25. Bd3 Nb3 26. Bxc4 dxc4 27. Bc3 0-0 28. Rab1 Nxc1 29. Rxc1 Rfd8 30. Kf1 g5 31. Nf3 Kh7 32. Nd4 Rd5 33. Re1 Kg6 34. Re4 h5 35. g3 g4 36. Kg2 Re8 37. f3 gxf3+ 38. Kxf3 Red8 39. Kf2 Kg5 40. Rf4 Kg6 41. Re4 Kg7 42. Kf3 Rh8 43. Rh4 Rh6 44. Rh3 Kg8 45. Ke4 Rg6 46. Bd2 f5+ 47. exf6 Rg4+ 48. Bf4 Kf7 49. Nc2 Rg8 50. Ne3 Rd3 51. Rxh5 Kxf6 52. a4 bxa4 53. Nxc4 Rb3 54. Rh6+ Rg6 55. Be5+ Kg5 56. Rh4 Rxb4 57. Kf3 a3 58. Rg4+ Kh6 59. Rh4+ Kg5 60. Rg4+ Kh6 61. Rh4+ Kg5 62. Rg4+ Kh6 1/2-1/2

[Event "Tashkent zt 3.4"]
[Site "Tashkent"]
[Date "2017.06.17"]
[Round "2"]
[White "Esenov, Annaberdi"]
[Black "Markov, Mikhail2222"]
[Result "1/2-1/2"]
[WhiteElo "2325"]
[BlackElo "2413"]
[PlyCount "124"]
[EventDate "2017.06.16"]
[EventType "swiss"]
[EventRounds "9"]
[EventCountry "UZB"]
[SourceTitle "CBM 179 Extra"]
[Source "ChessBase"]
[SourceDate "2017.08.23"]
[SourceVersion "1"]
[SourceVersionDate "2017.08.23"]
[SourceQuality "1"]

1. e4 c5 2. Nf3 d6 3. d4 cxd4 4. Nxd4 Nf6 5. Nc3 e6 6. g4 h6 7. Bg2 Nc6 8. h3 d5 9. exd5 Nxd5 10. Nxd5 exd5 11. 0-0 Be7 12. Nxc6 bxc6 13. c4 Be6 14. cxd5 Bxd5 15. Bxd5 cxd5 16. Qa4+ Kf8 17. Bd2 h5 18. Rae1 Bf6 19. Ba5 Qb8 20. Re3 d4 21. Rb3 Qc8 22. g5 Bxg5 23. Qxd4 Qf5 24. Bb4+ Kg8 25. Rg3 Bf6 26. Qe3 Bxb2 27. Bc3 Bxc3 28. Qxc3 g6 29. Rf3 Qg5+ 30. Rg3 Qf5 31. Rf3 Qd5 32. Re1 Qxa2 33. Re7 Rf8 34. Qe3 a6 35. h4 Qd5 36. Rf6 Rh7 37. Rxa6 Qc4 38. Rd6 Qxh4 39. Re4 Qd8 40. Rxd8 Rxd8 41. Qg5 Rc8 42. Kh2 h4 43. Rxh4 Rxh4+ 44. Qxh4 Rc5 45. Qd8+ Kh7 46. Qf8 Rf5 47. Kg3 Rg5+ 48. Kf4 Rf5+ 49. Ke3 Re5+ 50. Kd3 Rf5 51. Qd8 Kg7 52. Qd4+ Kg8 53. f4 Rh5 54. Ke4 Rf5 55. Kf3 Rh5 56. Qd8+ Kg7 57. Kg4 Rf5 58. Qe8 Rh5 59. Qc8 Rf5 60. Qxf5 gxf5+ 61. Kxf5 f6 62. Ke6 f5 1/2-1/2

[Event "Budapest Spring op"]
[Site "Budapest"]
[Date "2017.03.25"]
[Round "8"]
[White "Bakalchuk, Johnatan"]
[Black "Esenov, Annaberdi"]
[Result "1-0"]
[WhiteElo "2382"]
[BlackElo "2291"]
[PlyCount "83"]
[EventDate "2017.03.18"]
[EventType "swiss"]
[EventRounds "9"]
[EventCountry "HUN"]
[SourceTitle "CBM 177 Extra"]
[Source "ChessBase"]
[SourceDate "2017.04.27"]
[SourceVersion "1"]
[SourceVersionDate "2017.04.27"]
[SourceQuality "1"]

1. e4 c5 2. Nf3 d6 3. d4 cxd4 4. Nxd4 Nf6 5. Nc3 a6 6. Be2 e6 7. 0-0 Be7 8. f4 Qc7 9. Kh1 0-0 10. Qe1 Nc6 11. Be3 Nxd4 12. Bxd4 e5 13. fxe5 dxe5 14. Qg3 Nd7 15. Nd5 Qd8 16. Bxe5 Nxe5 17. Qxe5 Bd6 18. Qh5 Be6 19. Rad1 Kh8 20. e5 g6 21. Qh6 Bxe5 22. Nf6 Qxf6 23. Rxf6 Bxf6 24. b3 b5 25. c4 bxc4 26. Qf4 Bg7 27. Bxc4 a5 28. Bxe6 fxe6 29. Qe4 Rad8 30. Rxd8 Rxd8 31. h4 e5 32. Kh2 Bf6 33. Qc6 Rf8 34. Qd5 Rd8 35. Qxa5 e4 36. Qc5 Kg7 37. Qc7+ Kf8 38. Qf4 Kg7 39. Qxe4 h5 40. Qe3 Bxh4 41. a4 Rd5 42. Qe4 1-0

[Event "Moscow Aeroflot op-B 16th"]
[Site "Moscow"]
[Date "2017.02.27"]
[Round "7"]
[White "Esenov, Annaberdi"]
[Black "Sadovsky, Artem"]
[Result "1-0"]
[WhiteElo "2302"]
[BlackElo "2416"]
[PlyCount "71"]
[EventDate "2017.02.21"]
[EventType "swiss"]
[EventRounds "9"]
[EventCountry "RUS"]
[SourceTitle "CBM 177 Extra"]
[Source "ChessBase"]
[SourceDate "2017.04.27"]
[SourceVersion "1"]
[SourceVersionDate "2017.04.27"]
[SourceQuality "1"]

1. e4 g6 2. d4 Bg7 3. Nc3 d6 4. f4 a6 5. Nf3 b5 6. Bd3 Bg4 7. Be3 b4 8. Ne2 Bxf3 9. gxf3 e6 10. Qd2 Nc6 11. 0-0-0 Nf6 12. f5 Qe7 13. h4 exf5 14. exf5 Kd7 15. fxg6 hxg6 16. Bg5 Qe6 17. Kb1 Qd5 18. Bxf6 Bxf6 19. Qf4 Be7 20. Be4 Qc4 21. Bxc6+ Qxc6 22. d5 Qb5 23. c4 bxc3 24. Nxc3 Qa5 25. Qxf7 Rhf8 26. Qe6+ Kd8 27. Rhe1 Bxh4 28. Re4 Rb8 29. Rd3 Qb6 30. Nd1 Bg5 31. Rb3 Qa7 32. Qxg6 Bf6 33. Rbe3 c5 34. Re8+ Kc7 35. Qh7+ Kb6 36. Rb3+ 1-0

[Event "Moscow Aeroflot op-B 16th"]
[Site "Moscow"]
[Date "2017.02.26"]
[Round "6"]
[White "Diermair, Andreas"]
[Black "Esenov, Annaberdi"]
[Result "1-0"]
[WhiteElo "2465"]
[BlackElo "2302"]
[PlyCount "75"]
[EventDate "2017.02.21"]
[EventType "swiss"]
[EventRounds "9"]
[EventCountry "RUS"]
[SourceTitle "CBM 177 Extra"]
[Source "ChessBase"]
[SourceDate "2017.04.27"]
[SourceVersion "1"]
[SourceVersionDate "2017.04.27"]
[SourceQuality "1"]

1. d4 d5 2. c4 c6 3. Nf3 Nf6 4. e3 e6 5. b3 Ne4 6. Bd3 Qa5+ 7. Nfd2 f5 8. 0-0 Be7 9. Qh5+ g6 10. Qe2 0-0 11. f3 Nf6 12. e4 Nh5 13. g3 Bf6 14. e5 Be7 15. Bb2 Qd8 16. f4 a5 17. Nf3 Ng7 18. Ba3 b6 19. Bxe7 Qxe7 20. Nc3 Rd8 21. Rac1 Na6 22. Na4 dxc4 23. bxc4 Rb8 24. d5 Qa3 25. Nc3 Nb4 26. d6 Nxd3 27. Qxd3 Ba6 28. Rfd1 Qc5+ 29. Qd4 Qxc4 30. Qxc4 Bxc4 31. Nd4 Rbc8 32. Na4 Bd5 33. Nxb6 c5 34. Nxc8 Rxc8 35. Rxc5 Rd8 36. Nc6 Rd7 37. Ne7+ Kf7 38. Rc7 1-0

[Event "Moscow Aeroflot op-B 16th"]
[Site "Moscow"]
[Date "2017.02.25"]
[Round "5"]
[White "Esenov, Annaberdi"]
[Black "Korchmar, Vasiliy"]
[Result "1-0"]
[WhiteElo "2302"]
[BlackElo "2409"]
[PlyCount "55"]
[EventDate "2017.02.21"]
[EventType "swiss"]
[EventRounds "9"]
[EventCountry "RUS"]
[SourceTitle "CBM 177 Extra"]
[Source "ChessBase"]
[SourceDate "2017.04.27"]
[SourceVersion "1"]
[SourceVersionDate "2017.04.27"]
[SourceQuality "1"]

1. e4 e5 2. Nf3 Nc6 3. Bb5 a6 4. Ba4 Nf6 5. 0-0 Be7 6. Re1 b5 7. Bb3 0-0 8. c3 d5 9. exd5 Nxd5 10. Nxe5 Nxe5 11. Rxe5 c6 12. d4 Bd6 13. Re1 Qh4 14. g3 Qh3 15. Be3 Bg4 16. Qd3 Rae8 17. Nd2 Qh5 18. a4 Re6 19. axb5 axb5 20. Nf1 h6 21. Ra6 Qh3 22. Nd2 Rfe8 23. Bxd5 cxd5 24. Qxb5 Bxg3 25. hxg3 Rxe3 26. Rxe3 Rxe3 27. Qb8+ Kh7 28. fxe3 1-0

[Event "Moscow Aeroflot op-B 16th"]
[Site "Moscow"]
[Date "2017.02.23"]
[Round "3"]
[White "Duzhakov, Ilya"]
[Black "Esenov, Annaberdi"]
[Result "1/2-1/2"]
[WhiteElo "2424"]
[BlackElo "2302"]
[PlyCount "34"]
[EventDate "2017.02.21"]
[EventType "swiss"]
[EventRounds "9"]
[EventCountry "RUS"]
[SourceTitle "CBM 177 Extra"]
[Source "ChessBase"]
[SourceDate "2017.04.27"]
[SourceVersion "1"]
[SourceVersionDate "2017.04.27"]
[SourceQuality "1"]

1. e4 c6 2. d4 d5 3. e5 Bf5 4. Nf3 e6 5. Be2 c5 6. 0-0 Nc6 7. Be3 Qb6 8. Nc3 Qxb2 9. Qe1 cxd4 10. Nxd4 Bb4 11. Nxf5 exf5 12. Bd2 Nge7 13. Rb1 Qxc2 14. Rc1 Qb2 15. Rb1 Qc2 16. Rc1 Qb2 17. Rb1 Qc2 1/2-1/2

[Event "Moscow Aeroflot op-B 16th"]
[Site "Moscow"]
[Date "2017.02.22"]
[Round "2"]
[White "Esenov, Annaberdi"]
[Black "Faizrakhmanov, Ramil"]
[Result "1-0"]
[WhiteElo "2302"]
[BlackElo "2432"]
[PlyCount "143"]
[EventDate "2017.02.21"]
[EventType "swiss"]
[EventRounds "9"]
[EventCountry "RUS"]
[SourceTitle "CBM 177 Extra"]
[Source "ChessBase"]
[SourceDate "2017.04.27"]
[SourceVersion "1"]
[SourceVersionDate "2017.04.27"]
[SourceQuality "1"]

1. e4 e5 2. Nf3 Nc6 3. Bb5 Nf6 4. 0-0 Nxe4 5. d4 Nd6 6. Bxc6 dxc6 7. dxe5 Nf5 8. Qxd8+ Kxd8 9. Rd1+ Ke8 10. Nc3 Ne7 11. h3 Ng6 12. Be3 Be6 13. a3 Be7 14. Rd2 h5 15. Re1 Rd8 16. Nd4 Nxe5 17. Nxe6 fxe6 18. Rde2 Nc4 19. Bc1 Kf7 20. Re4 Nb6 21. Rxe6 Bf6 22. R6e4 Bxc3 23. Re7+ Kg6 24. bxc3 Nd5 25. R7e6+ Kh7 26. c4 Nb6 27. R6e4 Nc8 28. c5 Kg6 29. Bf4 Rd7 30. h4 Rf8 31. g3 Kf7 32. Bg5 Rd5 33. Rc4 g6 34. Rb1 b5 35. cxb6 axb6 36. Rxc6 Rd7 37. Bf4 Ne7 38. Rxc7 Rxc7 39. Bxc7 Nd5 40. Bd6 Rc8 41. Rb2 Ke6 42. Bb4 Ke5 43. Kf1 Kd4 44. Ke2 Rc6 45. Kd2 Rf6 46. f4 Re6 47. Rb3 Kc4 48. Bf8 Nf6 49. Rb4+ Kd5 50. Kd3 Ng4 51. Rb5+ Kc6 52. Rg5 Nf2+ 53. Kd4 Re4+ 54. Kc3 Re6 55. Re5 Rxe5 56. fxe5 Ne4+ 57. Kd4 Nxg3 58. Ke3 Nf5+ 59. Kf4 Nxh4 60. e6 Ng2+ 61. Kg5 h4 62. Kxg6 Nf4+ 63. Kf7 Nd5 64. Bh6 h3 65. Bf4 Kb5 66. e7 Nxe7 67. Kxe7 Kc4 68. Kd6 b5 69. Kc6 b4 70. a4 Kc3 71. Kb5 Kxc2 72. Kxb4 1-0

[Event "Moscow op-A 13th"]
[Site "Moscow"]
[Date "2017.02.04"]
[Round "8"]
[White "Tologontegin, Semetey"]
[Black "Esenov, Annaberdi"]
[Result "1-0"]
[WhiteElo "2419"]
[BlackElo "2302"]
[PlyCount "53"]
[EventDate "2017.01.28"]
[EventType "swiss"]
[EventRounds "9"]
[EventCountry "RUS"]
[SourceTitle "EXT 2018"]
[Source "ChessBase"]
[SourceDate "2017.10.13"]
[SourceVersion "1"]
[SourceVersionDate "2017.10.13"]
[SourceQuality "1"]

1. Nf3 f5 2. d3 Nf6 3. e4 d5 4. exd5 Nxd5 5. d4 e6 6. Ne5 Nf6 7. Bc4 Be7 8. 0-0 0-0 9. Re1 c6 10. Bg5 Nd5 11. Bxe7 Qxe7 12. Nd2 Qb4 13. Nd3 Qd6 14. Bb3 Rf6 15. Nf3 Nd7 16. c4 Nc7 17. c5 Qe7 18. Nf4 Nf8 19. d5 Qxc5 20. dxe6 Bxe6 21. Nxe6 Ncxe6 22. Ng5 Re8 23. Bxe6+ Nxe6 24. Qh5 Kf8 25. Nxh7+ Ke7 26. Nxf6 gxf6 27. Rxe6+ 1-0

[Event "Moscow op-A 13th"]
[Site "Moscow"]
[Date "2017.02.03"]
[Round "7"]
[White "Esenov, Annaberdi"]
[Black "Nikonov, Alexej"]
[Result "1-0"]
[WhiteElo "2302"]
[BlackElo "2155"]
[PlyCount "59"]
[EventDate "2017.01.28"]
[EventType "swiss"]
[EventRounds "9"]
[EventCountry "RUS"]
[SourceTitle "EXT 2018"]
[Source "ChessBase"]
[SourceDate "2017.10.13"]
[SourceVersion "1"]
[SourceVersionDate "2017.10.13"]
[SourceQuality "1"]

1. e4 c5 2. Nf3 d6 3. d4 cxd4 4. Nxd4 Nf6 5. Nc3 a6 6. Bc4 e6 7. Bb3 b5 8. 0-0 Be7 9. Qf3 Qc7 10. Qg3 0-0 11. Bh6 Ne8 12. Rad1 Bd7 13. f4 Nc6 14. Nxc6 Bxc6 15. f5 Kh8 16. fxe6 gxh6 17. exf7 Nf6 18. Qf4 b4 19. Qxh6 Ng4 20. Qf4 Ne5 21. Nd5 Bxd5 22. Bxd5 Rad8 23. Qd2 Qc5+ 24. Kh1 Nc4 25. Qh6 Ne3 26. Rd3 Ng4 27. Qd2 Nf6 28. Rh3 Qc8 29. Qh6 Qg4 30. Rg3 1-0

[Event "Moscow op-A 13th"]
[Site "Moscow"]
[Date "2017.02.02"]
[Round "6"]
[White "Salman, Pavel"]
[Black "Esenov, Annaberdi"]
[Result "1/2-1/2"]
[WhiteElo "2197"]
[BlackElo "2302"]
[PlyCount "81"]
[EventDate "2017.01.28"]
[EventType "swiss"]
[EventRounds "9"]
[EventCountry "RUS"]
[SourceTitle "EXT 2018"]
[Source "ChessBase"]
[SourceDate "2017.10.13"]
[SourceVersion "1"]
[SourceVersionDate "2017.10.13"]
[SourceQuality "1"]

1. d4 Nf6 2. c4 g6 3. Nc3 Bg7 4. e4 d6 5. Nf3 0-0 6. Be2 e5 7. 0-0 Nc6 8. d5 Ne7 9. b4 Nh5 10. g3 f5 11. Ng5 Nf6 12. Bf3 fxe4 13. Ncxe4 Nxe4 14. Bxe4 Nf5 15. c5 a5 16. Ne6 Bxe6 17. dxe6 axb4 18. Bxb7 Ra7 19. cxd6 cxd6 20. Bd5 Kh8 21. Be3 Ra5 22. Qb3 h5 23. a3 e4 24. Ra2 Nxe3 25. fxe3 Rxf1+ 26. Kxf1 Qg5 27. e7 Qxe7 28. axb4 Rxa2 29. Qxa2 Qf6+ 30. Qf2 Qc3 31. Qf7 Kh7 32. Bxe4 Qf6+ 33. Qxf6 Bxf6 34. Ke2 Bd8 35. Bc2 Kg7 36. Kd3 Bb6 37. Ke4 Kf6 38. h3 g5 39. g4 hxg4 40. hxg4 Ke6 41. Bb3+ 1/2-1/2

[Event "Moscow op-A 13th"]
[Site "Moscow"]
[Date "2017.01.31"]
[Round "4"]
[White "Kharchenko, Boris"]
[Black "Esenov, Annaberdi"]
[Result "1-0"]
[WhiteElo "2461"]
[BlackElo "2302"]
[PlyCount "117"]
[EventDate "2017.01.28"]
[EventType "swiss"]
[EventRounds "9"]
[EventCountry "RUS"]
[SourceTitle "EXT 2018"]
[Source "ChessBase"]
[SourceDate "2017.10.13"]
[SourceVersion "1"]
[SourceVersionDate "2017.10.13"]
[SourceQuality "1"]

1. d4 Nf6 2. Nf3 b6 3. Bf4 Bb7 4. e3 e6 5. Bd3 Be7 6. h3 0-0 7. Nbd2 c5 8. c3 Nh5 9. Bh2 g6 10. Qe2 d5 11. Ne5 f6 12. Nef3 c4 13. Bc2 f5 14. Ne5 b5 15. a3 a5 16. 0-0 Ba6 17. g4 Ng7 18. Kh1 Bd6 19. Rg1 b4 20. axb4 axb4 21. gxf5 exf5 22. Qf3 Bxe5 23. Bxe5 Nc6 24. Bh2 b3 25. Bd1 Qd7 26. Qg2 Bb5 27. Bf3 Ne7 28. Be5 Ra4 29. Rxa4 Bxa4 30. Ra1 Ne6 31. Qg3 Nc8 32. Rxa4 Qxa4 33. Bxd5 Re8 34. Nxc4 Qd7 35. Qg2 Rd8 36. Bc6 Qe7 37. Nd2 Nb6 38. Kh2 Nc5 39. Bg3 Nd3 40. Nxb3 Nxb2 41. Nc5 N2c4 42. Bf4 Kg7 43. Nd3 h6 44. Bg3 Kh7 45. Nf4 Qf6 46. Bb5 Qf7 47. Qc6 Rc8 48. Bxc4 Rxc6 49. Bxf7 Kg7 50. Bxg6 Rxg6 51. Nxg6 Kxg6 52. Kg2 Kf6 53. Kf1 Ke6 54. Ke2 Kd5 55. Kd3 Nc4 56. f3 Nb2+ 57. Kc2 Nc4 58. Bf4 h5 59. Bg5 1-0

[Event "Moscow op-A 13th"]
[Site "Moscow"]
[Date "2017.01.30"]
[Round "3"]
[White "Esenov, Annaberdi"]
[Black "Zakhartsov, Vladimir"]
[Result "0-1"]
[WhiteElo "2302"]
[BlackElo "2453"]
[PlyCount "98"]
[EventDate "2017.01.28"]
[EventType "swiss"]
[EventRounds "9"]
[EventCountry "RUS"]
[SourceTitle "EXT 2018"]
[Source "ChessBase"]
[SourceDate "2017.10.13"]
[SourceVersion "1"]
[SourceVersionDate "2017.10.13"]
[SourceQuality "1"]

1. e4 c5 2. f4 g6 3. Nf3 Bg7 4. Nc3 Nc6 5. g3 d6 6. d3 Nf6 7. Bg2 0-0 8. 0-0 Rb8 9. a4 Bg4 10. h3 Bxf3 11. Qxf3 Nd7 12. f5 Nde5 13. Qe2 e6 14. g4 Bf6 15. Bh6 Re8 16. Qd2 Nd4 17. Be3 Nd7 18. g5 Be5 19. f6 Nc6 20. Nd1 Bd4 21. c3 Bxe3+ 22. Nxe3 h5 23. gxh6 Kh7 24. h4 Rg8 25. Bh3 Qf8 26. Ng4 Nce5 27. Nxe5 Nxe5 28. d4 Nc6 29. dxc5 dxc5 30. Qd7 Qe8 31. Qd6 g5 32. Kh1 Qf8 33. Qc7 Rc8 34. Qxb7 g4 35. Rg1 Ne5 36. Bxg4 Nxg4 37. e5 Nf2+ 38. Kh2 Ng4+ 39. Kh1 Nf2+ 40. Kh2 Qxh6 41. Qxf7+ Kh8 42. Rg7 Ng4+ 43. Kh3 Nxe5 44. Qxe6 Qe3+ 45. Kg2 Qe2+ 46. Kh3 Qf3+ 47. Kh2 Ng4+ 48. Rxg4 Qxg4 49. Qxg4 Rxg4 0-1

[Event "Moscow op-A 13th"]
[Site "Moscow"]
[Date "2017.01.29"]
[Round "2"]
[White "Bykov, Oleg1111"]
[Black "Esenov, Annaberdi"]
[Result "0-1"]
[WhiteElo "2332"]
[BlackElo "2302"]
[PlyCount "118"]
[EventDate "2017.01.28"]
[EventType "swiss"]
[EventRounds "9"]
[EventCountry "RUS"]
[SourceTitle "EXT 2018"]
[Source "ChessBase"]
[SourceDate "2017.10.13"]
[SourceVersion "1"]
[SourceVersionDate "2017.10.13"]
[SourceQuality "1"]

1. Nf3 c5 2. c4 g6 3. d4 cxd4 4. Nxd4 Bg7 5. g3 Nc6 6. Nb3 a5 7. Nc5 d6 8. Na4 Be6 9. Na3 Nf6 10. Bg2 Nd7 11. Be3 0-0 12. 0-0 Rb8 13. Rc1 Nb4 14. Ba7 Nxa2 15. Ra1 Nb4 16. Bxb8 Qxb8 17. Qd2 Rc8 18. Rac1 b6 19. b3 Nc5 20. Nxc5 bxc5 21. Nb5 Qb6 22. h4 h5 23. Nc3 Rb8 24. Kh2 Nc6 25. Bxc6 Qxc6 26. Nd5 Bxd5 27. cxd5 Qa8 28. Qd3 a4 29. bxa4 Qxa4 30. Rb1 Rc8 31. Rfc1 c4 32. Qe4 Bf6 33. g4 Qa7 34. Kg3 hxg4 35. Qxg4 Rc5 36. Rxc4 Rxd5 37. Qc8+ Kh7 38. Rb8 Qa1 39. Kg2 Rd1 40. Qg8+ Kh6 41. Qf8+ Bg7 42. Qxe7 Rh1 43. Qxf7 Qf1+ 44. Kf3 Rh3+ 45. Ke4 Qg2+ 46. f3 Qxe2+ 47. Kd5 Rxf3 48. Qg8 Rf6 49. Rcc8 Rf5+ 50. Kc6 Rc5+ 51. Kd7 Qg4+ 52. Qe6 Qa4+ 53. Kd8 Qa5+ 54. Kd7 Qa7+ 55. Kd8 Rf5 56. Rc7 Qxb8+ 57. Kd7 Qb5+ 58. Rc6 Rc5 59. Qxd6 Rd5 0-1

[Event "Moscow RGSU op"]
[Site "Moscow"]
[Date "2016.12.23"]
[Round "9"]
[White "Atabayev, Yusup"]
[Black "Esenov, Annaberdi"]
[Result "1/2-1/2"]
[WhiteElo "2473"]
[BlackElo "2280"]
[PlyCount "81"]
[EventDate "2016.12.13"]
[EventType "swiss"]
[EventRounds "9"]
[EventCountry "RUS"]
[SourceTitle "CBM 176 Extra"]
[Source "ChessBase"]
[SourceDate "2017.03.02"]
[SourceVersion "1"]
[SourceVersionDate "2017.03.02"]
[SourceQuality "1"]

1. e4 c5 2. Nf3 d6 3. d4 cxd4 4. Nxd4 Nf6 5. Nc3 a6 6. Nb3 e6 7. g4 b5 8. Bg2 Bb7 9. g5 b4 10. Nd5 exd5 11. gxf6 dxe4 12. Qg4 Qxf6 13. Na5 h5 14. Qg5 Bc6 15. Qxf6 gxf6 16. Nxc6 Nxc6 17. Bxe4 Rc8 18. Be3 Nd8 19. 0-0-0 Kd7 20. Rd5 Rc4 21. Bd3 Rc6 22. Ra5 Bh6 23. Rg1 Bxe3+ 24. fxe3 Ne6 25. Rxa6 Rxa6 26. Bxa6 Ra8 27. Bc4 Ra5 28. h4 Re5 29. Kd2 d5 30. Bd3 Nc5 31. Rf1 Ke6 32. Rf4 Ne4+ 33. Ke2 f5 34. a4 bxa3 35. bxa3 Nc3+ 36. Kf3 Nd1 37. Rb4 Nxe3 38. Rb6+ Ke7 39. Rb7+ Ke6 40. Rb6+ Ke7 41. Rb7+ 1/2-1/2

[Event "Moscow RGSU op"]
[Site "Moscow"]
[Date "2016.12.15"]
[Round "2"]
[White "Denishev, Marat"]
[Black "Esenov, Annaberdi"]
[Result "1-0"]
[WhiteElo "2382"]
[BlackElo "2280"]
[PlyCount "53"]
[EventDate "2016.12.13"]
[EventType "swiss"]
[EventRounds "9"]
[EventCountry "RUS"]
[SourceTitle "CBM 176 Extra"]
[Source "ChessBase"]
[SourceDate "2017.03.02"]
[SourceVersion "1"]
[SourceVersionDate "2017.03.02"]
[SourceQuality "1"]

1. e4 c5 2. Nf3 d6 3. b3 Nf6 4. Bb5+ Nc6 5. Qe2 Bd7 6. Bb2 e5 7. Bxc6 Bxc6 8. d3 b5 9. Nbd2 a5 10. a4 b4 11. Nc4 Be7 12. Nfd2 Nd7 13. 0-0 0-0 14. f4 f6 15. Qg4 Kh8 16. Qe6 Ra6 17. Ne3 g6 18. Nd5 Bxd5 19. exd5 Nb6 20. fxe5 dxe5 21. Rae1 Kg7 22. Ne4 Qd7 23. Ng5 fxg5 24. Qxe5+ Bf6 25. Rxf6 Rxf6 26. Qxf6+ Kh6 27. Re7 1-0

[Event "Moscow VAO FM-A 06"]
[Site "Moscow"]
[Date "2016.07.05"]
[Round "7"]
[White "Nemtzev, Igor"]
[Black "Esenov, Annaberdi"]
[Result "0-1"]
[WhiteElo "2186"]
[BlackElo "2279"]
[PlyCount "90"]
[EventDate "2016.06.29"]
[EventType "tourn"]
[EventRounds "9"]
[EventCountry "RUS"]
[SourceTitle "EXT 2018"]
[Source "ChessBase"]
[SourceDate "2017.10.13"]
[SourceVersion "1"]
[SourceVersionDate "2017.10.13"]
[SourceQuality "1"]

1. d4 Nf6 2. Bf4 b6 3. Nf3 Bb7 4. e3 g6 5. Bd3 Bg7 6. Nbd2 d5 7. Qe2 c5 8. c3 0-0 9. h4 h5 10. Ne5 Nbd7 11. 0-0-0 c4 12. Bc2 b5 13. g4 Nxe5 14. Bxe5 Nxg4 15. Bxg7 Kxg7 16. f3 Nf6 17. e4 dxe4 18. fxe4 Qc7 19. e5 Ng4 20. Rhg1 f5 21. exf6+ exf6 22. Rxg4 hxg4 23. Qxg4 Qf7 24. Rg1 f5 25. Qf4 Rae8 26. h5 Re6 27. d5 Bxd5 28. Qd4+ Kh7 29. hxg6+ Rxg6 30. Rf1 Qe6 31. Qxa7+ Kg8 32. Qc5 Rg2 33. Qxb5 f4 34. Qc5 f3 35. a4 Rxd2 36. Bh7+ Kg7 37. Qc7+ Rf7 38. Qg3+ Kf8 39. Qg8+ Ke7 40. Qg5+ Kd7 41. Qxd2 Rxh7 42. Kb1 Kc6 43. Re1 Qg6+ 44. Ka2 Ra7 45. Qd1 Qd3 0-1